[Event "Staufer op 34th"]
[Site "Schwaebisch Gmuend"]
[Date "2024.01.05"]
[Round "7"]
[White "Albert, Markus1"]
[Black "Kolb, Tobias"]
[Result "0-1"]
[WhiteElo "2165"]
[BlackElo "2325"]
[PlyCount "104"]
[EventDate "2024.01.02"]
[EventType "swiss"]
[EventRounds "9"]
[EventCountry "GER"]
[SourceTitle "CB02_2024"]
[SourceDate "2024.01.10"]
[SourceVersion "1"]
[SourceVersionDate "2024.01.10"]
[SourceQuality "1"]

1. Nc3 d5 2. e4 d4 3. Nce2 e5 4. Ng3 Be6 5. Nf3 f6 6. Bb5+ c6 7. Ba4 Na6 8. Bb3 Bxb3 9. axb3 d3 10. 0-0 Nb4 11. cxd3 Bc5 12. d4 Bxd4 13. Nf5 Qd7 14. N5xd4 exd4 15. d3 Ne7 16. Ne1 0-0 17. Bd2 Na6 18. Nf3 Kh8 19. Re1 c5 20. Qc2 Nc6 21. Re2 Rfe8 22. h3 Qf7 23. Qc4 Qxc4 24. bxc4 Nab4 25. Bxb4 Nxb4 26. Rd1 Re6 27. Ne1 Rb6 28. f4 Re8 29. Ra1 Ra6 30. Ra3 Kg8 31. Kf2 Ree6 32. Kf3 Kf7 33. g4 Reb6 34. e5 Nc6 35. Rxa6 Rxa6 36. e6+ Ke7 37. f5 Ra1 38. Ng2 g5 39. Re1 Ra2 40. Re2 Ne5+ 41. Ke4 Kd6 42. Rc2 a5 43. Ne1 Ra1 44. Re2 b6 45. h4 h6 46. hxg5 hxg5 47. e7 Kxe7 48. Nf3 Nxg4 49. Rg2 Ne5 50. Nd2 Kd6 51. Re2 Rg1 52. Nf3 Rg4# 0-1

[Event "Bavaria-ch 94th"]
[Site "Rosenheim"]
[Date "2023.08.24"]
[Round "6"]
[White "Kolb, Tobias"]
[Black "Lang, Zalan Andreas"]
[Result "1-0"]
[WhiteElo "2302"]
[BlackElo "2221"]
[PlyCount "79"]
[EventDate "2023.08.20"]
[EventType "tourn"]
[EventRounds "9"]
[EventCountry "GER"]
[SourceTitle "CBM 215 Extra"]
[Source "ChessBase"]
[SourceDate "2023.09.30"]
[SourceVersion "1"]
[SourceVersionDate "2023.09.30"]
[SourceQuality "1"]

1. d4 d5 2. c4 dxc4 3. Nf3 a6 4. e3 Nf6 5. Bxc4 e6 6. 0-0 c5 7. b3 cxd4 8. Nxd4 Be7 9. Bb2 0-0 10. Be2 Bd7 11. Nd2 Nc6 12. N4f3 b5 13. e4 Qb6 14. e5 Nd5 15. g3 Rfd8 16. Qb1 Rac8 17. Qe4 Be8 18. a3 Nb8 19. Rac1 Bc6 20. Qg4 Bb7 21. Rfd1 g6 22. b4 a5 23. bxa5 Qxa5 24. Nb3 Qb6 25. Bd4 Qa6 26. Nc5 h5 27. Qh3 Qxa3 28. Ra1 Bxc5 29. Rxa3 Bxa3 30. Ra1 b4 31. Ng5 Nc3 32. Bxh5 Kg7 33. Bxg6 Rh8 34. Qg4 Rc4 35. Nxe6+ fxe6 36. Bh5+ Kf8 37. Qf4+ Ke7 38. Qf7+ Kd8 39. Bb6+ Kc8 40. Qxe6+ 1-0

[Event "Bavaria-ch 94th"]
[Site "Rosenheim"]
[Date "2023.08.21"]
[Round "2"]
[White "Kolb, Tobias"]
[Black "Boehme, Markus"]
[Result "1/2-1/2"]
[WhiteElo "2302"]
[BlackElo "2144"]
[PlyCount "88"]
[EventDate "2023.08.20"]
[EventType "tourn"]
[EventRounds "9"]
[EventCountry "GER"]
[SourceTitle "CBM 215 Extra"]
[Source "ChessBase"]
[SourceDate "2023.09.30"]
[SourceVersion "1"]
[SourceVersionDate "2023.09.30"]
[SourceQuality "1"]

1. d4 d5 2. c4 e6 3. Nc3 Nf6 4. Nf3 Be7 5. Bf4 0-0 6. e3 c5 7. dxc5 Bxc5 8. a3 Nc6 9. Qc2 Qa5 10. Rd1 h6 11. h3 Ne4 12. cxd5 exd5 13. Rxd5 Nxc3 14. Qxc3 Bb4 15. axb4 Qxd5 16. Bc4 Qe4 17. 0-0 Be6 18. Bxe6 Qxe6 19. b5 Ne7 20. Qc7 Nd5 21. Qxb7 Nxf4 22. exf4 Rfb8 23. Qc7 Qb6 24. Qxb6 Rxb6 25. Nd4 Rd8 26. Nc6 Rd7 27. Ra1 Rxb5 28. Nxa7 Rxb2 29. Nc6 f6 30. f5 Rdd2 31. Ne7+ Kf7 32. Ng6 Rxf2 33. Ra7+ Ke8 34. Ra8+ Kd7 35. Nh4 Rf4 36. Ra7+ Kd6 37. Nf3 Rxf5 38. Rxg7 Kd5 39. Rg4 h5 40. Ra4 Kd6 41. Ra7 Rc5 42. Rh7 Ke6 43. Kh2 Rb4 44. Kg3 Ra5 1/2-1/2

[Event "Spilimbergo op 21st"]
[Site "Spilimbergo"]
[Date "2023.08.11"]
[Round "4"]
[White "Kolb, Tobias"]
[Black "Shearsby, Jude"]
[Result "1-0"]
[WhiteElo "2302"]
[BlackElo "2053"]
[PlyCount "113"]
[EventDate "2023.08.09"]
[EventType "swiss"]
[EventRounds "9"]
[EventCountry "ITA"]
[SourceTitle "CBM 215 Extra"]
[Source "ChessBase"]
[SourceDate "2023.09.30"]
[SourceVersion "1"]
[SourceVersionDate "2023.09.30"]
[SourceQuality "1"]

1. d4 Nf6 2. c4 g6 3. Nc3 Bg7 4. e4 d6 5. Nf3 0-0 6. Be2 Bg4 7. Be3 Nfd7 8. h3 Bxf3 9. Bxf3 Nc6 10. Ne2 e5 11. d5 Ne7 12. g4 f5 13. gxf5 gxf5 14. Qc2 f4 15. Bd2 c6 16. Bg4 cxd5 17. Bxd7 Qxd7 18. cxd5 Rac8 19. Qb3 Ng6 20. f3 Qe7 21. Nc3 Nh4 22. Ke2 Rf6 23. Rag1 Rg6 24. Rg4 h5 25. Rxg6 Nxg6 26. Rg1 Kh7 27. Be1 b6 28. Qa4 Qc7 29. Bf2 Bf8 30. Kd3 Qb7 31. Qb5 Be7 32. a4 Bh4 33. Rxg6 Kxg6 34. Bxh4 a6 35. Qb4 Qc7 36. Bf2 Rb8 37. Qc4 Qxc4+ 38. Kxc4 Kf7 39. b4 Ke7 40. b5 a5 41. Kd3 Kd7 42. Nb1 Kc7 43. Nd2 Rg8 44. Nc4 Rb8 45. Kc3 Rb7 46. Kc2 Rb8 47. Kd3 Rb7 48. Bh4 Kd7 49. Bf6 Rb8 50. Bxe5 dxe5 51. Nxe5+ Kd6 52. Kd4 Rg8 53. Nc6 Rg1 54. e5+ Kd7 55. Ke4 Rd1 56. d6 Ra1 57. Kd5 1-0

[Event "Piestany op-A"]
[Site "Piestany"]
[Date "2023.07.15"]
[Round "5"]
[White "Luong, Phuong Hanh"]
[Black "Kolb, Tobias"]
[Result "1-0"]
[WhiteElo "2100"]
[BlackElo "2325"]
[PlyCount "127"]
[EventDate "2023.07.11"]
[EventType "swiss"]
[EventRounds "9"]
[EventCountry "SVK"]
[SourceTitle "EXT 2024"]
[Source "ChessBase"]
[SourceDate "2023.10.10"]
[SourceVersion "1"]
[SourceVersionDate "2023.10.10"]
[SourceQuality "1"]

1. d4 d5 2. c4 e6 3. Nf3 Nf6 4. g3 Bb4+ 5. Bd2 Be7 6. Bg2 Nbd7 7. Qc2 c6 8. 0-0 Ne4 9. cxd5 Nxd2 10. Nbxd2 exd5 11. e4 dxe4 12. Nxe4 0-0 13. h4 Nf6 14. Nc5 Qc7 15. Rfe1 Rd8 16. Rad1 Bg4 17. Qb3 Rab8 18. Rc1 Bxf3 19. Bxf3 h6 20. Qa4 a6 21. Qc4 Bf8 22. b4 Qd6 23. Rcd1 Nd5 24. Re5 Nc7 25. Rf5 Nd5 26. h5 Be7 27. a3 Bf6 28. Ne4 Qe6 29. Nxf6+ Nxf6 30. Qxe6 fxe6 31. Re5 Rd6 32. Rde1 Kf7 33. Bd1 Nd5 34. Bc2 a5 35. bxa5 Ra8 36. Rb1 Rd7 37. Bg6+ Kf6 38. Rbe1 Rd6 39. Rb1 Rd7 40. Rb3 Ke7 41. Bf5 Rd6 42. Rxb7+ Kf6 43. Bd3 Ne7 44. Re3 Rxd4 45. a6 e5 46. Be2 Ke6 47. Rc3 Kd6 48. Rf3 Ke6 49. Bf1 Rd1 50. Kg2 Rd4 51. Kh2 Kd6 52. Rf7 Nd5 53. Rxg7 e4 54. Rg6+ Kc5 55. Rb2 Rd1 56. Rc2+ Kd4 57. Rc4+ Ke5 58. Bh3 Nc7 59. Rcxc6 Rf8 60. Rxc7 Rxf2+ 61. Bg2 Rdd2 62. Re7+ Kd4 63. Rd6+ Kc3 64. Rxd2 1-0

[Event "Teplice op"]
[Site "Teplice"]
[Date "2023.06.17"]
[Round "8"]
[White "Kolb, Tobias"]
[Black "Kantor, Gergely"]
[Result "0-1"]
[WhiteElo "2328"]
[BlackElo "2520"]
[PlyCount "140"]
[EventDate "2023.06.10"]
[EventType "swiss"]
[EventRounds "9"]
[EventCountry "CZE"]
[SourceTitle "CBM 214 Extra"]
[Source "ChessBase"]
[SourceDate "2023.07.31"]
[SourceVersion "1"]
[SourceVersionDate "2023.07.31"]
[SourceQuality "1"]

1. d4 Nf6 2. c4 e6 3. Nc3 Bb4 4. e3 0-0 5. Bd2 d5 6. Nf3 Re8 7. Rc1 Bf8 8. Bd3 dxc4 9. Bxc4 c5 10. 0-0 Nbd7 11. Qe2 a6 12. a4 b6 13. Rfd1 Bb7 14. Be1 Qe7 15. d5 exd5 16. Nxd5 Nxd5 17. Bxd5 Nf6 18. Bxb7 Qxb7 19. Bc3 Ne4 20. Be5 b5 21. b3 h6 22. h3 Re6 23. Rd3 Rae8 24. Ba1 Rd6 25. Rxd6 Bxd6 26. Qc2 Qd5 27. Rd1 Qe6 28. Qb2 Bf8 29. Ne5 f6 30. Nf3 bxa4 31. bxa4 Qc4 32. Qb7 Qa2 33. Bb2 Nd6 34. Qd7 Qe6 35. Qxe6+ Rxe6 36. Nd2 Nc8 37. Rc1 Nb6 38. a5 Nd7 39. Kf1 Kf7 40. Ke2 Re8 41. Nc4 Rb8 42. Kd3 Ke6 43. Rd1 Bd6 44. Bc3 Ne5+ 45. Bxe5 Bxe5 46. Nxe5 fxe5 47. Kc4 Rb5 48. Rd8 Rxa5 49. Rg8 Kf7 50. Ra8 Ra2 51. Kxc5 Rxf2 52. Rxa6 Rxg2 53. Kd5 Rg3 54. e4 Rxh3 55. Kxe5 Rf3 56. Kd5 Rd3+ 57. Ke5 Rf3 58. Kd5 h5 59. e5 h4 60. Ra7+ Kg6 61. e6 Re3 62. Ra8 Kf5 63. Rf8+ Kg4 64. Kd6 h3 65. e7 h2 66. Rh8 Kg3 67. Rh5 g6 68. Rh6 g5 69. Re6 Rxe6+ 70. Kxe6 h1Q 0-1

[Event "Titled Tuesday intern op 16th Aug Late"]
[Site "Chess.com INT"]
[Date "2022.08.16"]
[Round "3"]
[White "Kolb, Tobias"]
[Black "Shuvalova, Polina"]
[Result "1-0"]
[WhiteElo "2355"]
[BlackElo "2510"]
[PlyCount "51"]
[EventDate "2022.08.16"]
[EventType "swiss (blitz)"]
[EventRounds "11"]
[EventCountry "USA"]
[SourceTitle "EXT 2023"]
[Source "ChessBase"]
[SourceDate "2022.10.05"]
[SourceVersion "1"]
[SourceVersionDate "2022.10.05"]
[SourceQuality "1"]

1. e4 c5 2. Nc3 Nc6 3. g3 g6 4. Bg2 Bg7 5. d3 Nf6 6. Be3 d6 7. h3 0-0 8. Qd2 Rb8 9. Nf3 b5 10. 0-0 b4 11. Nd1 Nd7 12. Nh4 a5 13. Bh6 a4 14. Bxg7 Kxg7 15. f4 a3 16. b3 e5 17. f5 Nd4 18. Ne3 f6 19. fxg6 hxg6 20. Bf3 Rf7 21. Bg4 Nf8 22. Rf2 Bxg4 23. Nxg4 Nfe6 24. Qh6+ Kg8 25. Qxg6+ Rg7 26. Nxf6+ 1-0

[Event "Titled Tuesday intern op 16th Aug Late"]
[Site "Chess.com INT"]
[Date "2022.08.16"]
[Round "7"]
[White "Kolb, Tobias"]
[Black "Solon, Nathan"]
[Result "0-1"]
[WhiteElo "2355"]
[BlackElo "2306"]
[PlyCount "72"]
[EventDate "2022.08.16"]
[EventType "swiss (blitz)"]
[EventRounds "11"]
[EventCountry "USA"]
[SourceTitle "EXT 2023"]
[Source "ChessBase"]
[SourceDate "2022.10.05"]
[SourceVersion "1"]
[SourceVersionDate "2022.10.05"]
[SourceQuality "1"]

1. Nc3 d5 2. e4 d4 3. Nce2 e5 4. Ng3 Be6 5. Nf3 f6 6. b3 Nd7 7. Bc4 Bxc4 8. bxc4 Ne7 9. d3 Nc6 10. h4 Bb4+ 11. Bd2 a5 12. h5 Nc5 13. Nf5 Qd7 14. a3 Bxd2+ 15. Nxd2 0-0-0 16. Rb1 g6 17. Ng3 f5 18. Rb5 Na4 19. Rd5 Qf7 20. Qf3 f4 21. Ne2 Kb8 22. Rxd8+ Rxd8 23. hxg6 hxg6 24. Qh3 Qe7 25. Nb1 Qc5 26. Qe6 Qb6 27. 0-0 Rd6 28. Qe8+ Ka7 29. c3 Qb2 30. cxd4 Qxe2 31. d5 Rd8 32. Qf7 Nd4 33. Qxc7 Rh8 34. Qxa5+ Kb8 35. Qxa4 Qxf1+ 36. Kxf1 Rh1# 0-1

[Event "Budapest FS08 IM"]
[Site "Budapest"]
[Date "2022.08.09"]
[Round "4"]
[White "Szalay Ocsak, Bank"]
[Black "Kolb, Tobias"]
[Result "1/2-1/2"]
[WhiteElo "2146"]
[BlackElo "2355"]
[PlyCount "85"]
[EventDate "2022.08.06"]
[EventType "tourn"]
[EventRounds "9"]
[EventCountry "HUN"]
[SourceTitle "CBM 209 Extra"]
[Source "ChessBase"]
[SourceDate "2022.09.30"]
[SourceVersion "1"]
[SourceVersionDate "2022.09.30"]
[SourceQuality "1"]

1. e4 e5 2. Nf3 Nc6 3. Bc4 Bc5 4. c3 Nf6 5. d4 exd4 6. e5 d5 7. Bb5 Ne4 8. cxd4 Bb6 9. Nc3 0-0 10. Be3 Bg4 11. h3 Bh5 12. Qa4 Ne7 13. Bd3 Bg6 14. Qc2 Nxc3 15. bxc3 Qd7 16. 0-0 c6 17. Rab1 Rab8 18. Bf4 Bc7 19. Rfe1 Bxd3 20. Qxd3 Qf5 21. Qxf5 Nxf5 22. Bg5 Rfe8 23. g4 Ne7 24. Bxe7 Rxe7 25. Nh4 g6 26. f4 f6 27. Ng2 fxe5 28. fxe5 b5 29. Rf1 Rf8 30. Rxf8+ Kxf8 31. Nf4 Ke8 32. Ne2 Rf7 33. Rf1 Bd8 34. Rxf7 Kxf7 35. Kf2 Bg5 36. Ke1 h5 37. Ng1 Ke6 38. Ke2 Be7 39. Kd3 c5 40. Ne2 c4+ 41. Kc2 Bg5 42. Ng1 Be7 43. Ne2 1/2-1/2

[Event "Budapest FS08 IM"]
[Site "Budapest"]
[Date "2022.08.08"]
[Round "3"]
[White "Kolb, Tobias"]
[Black "Ilincic, Zlatko"]
[Result "1/2-1/2"]
[WhiteElo "2355"]
[BlackElo "2321"]
[PlyCount "71"]
[EventDate "2022.08.06"]
[EventType "tourn"]
[EventRounds "9"]
[EventCountry "HUN"]
[SourceTitle "CBM 209 Extra"]
[Source "ChessBase"]
[SourceDate "2022.09.30"]
[SourceVersion "1"]
[SourceVersionDate "2022.09.30"]
[SourceQuality "1"]

1. d4 Nf6 2. c4 e6 3. Nc3 Bb4 4. e3 b6 5. Nge2 c5 6. a3 Ba5 7. Rb1 Na6 8. g3 Bb7 9. d5 b5 10. b3 exd5 11. Bg2 Ne4 12. Bd2 b4 13. axb4 cxb4 14. Nxd5 Bxd5 15. cxd5 Nc3 16. Bxc3 bxc3 17. 0-0 Rc8 18. Qd4 0-0 19. b4 c2 20. Rb2 Nxb4 21. Rxb4 Bxb4 22. Qxb4 a5 23. Qa4 Rc5 24. Rc1 Qc7 25. Nd4 Rc8 26. Bh3 Rxd5 27. Rxc2 Qd8 28. Rxc8 Qxc8 29. e4 Rc5 30. Bxd7 Rc4 31. Qb5 Qc5 32. Qb8+ Qf8 33. Qa7 Qc5 34. Qb8+ Qf8 35. Qa7 Qc5 36. Qb8+ 1/2-1/2

[Event "Bamberg op 4th"]
[Site "Bamberg"]
[Date "2022.07.30"]
[Round "5"]
[White "Kern, Johannes"]
[Black "Kolb, Tobias"]
[Result "0-1"]
[WhiteElo "2212"]
[BlackElo "2355"]
[PlyCount "90"]
[EventDate "2022.07.27"]
[EventType "swiss"]
[EventRounds "9"]
[EventCountry "GER"]
[SourceTitle "EXT 2023"]
[Source "ChessBase"]
[SourceDate "2022.10.05"]
[SourceVersion "1"]
[SourceVersionDate "2022.10.05"]
[SourceQuality "1"]

1. e4 c6 2. d3 d5 3. Nd2 e5 4. Ngf3 Bd6 5. d4 exd4 6. Bd3 Bg4 7. 0-0 Ne7 8. Re1 Nd7 9. h3 Bh5 10. g4 Bg6 11. e5 Bc7 12. e6 fxe6 13. Nxd4 Nc5 14. N2f3 Qd6 15. Ne5 0-0 16. f4 Bb6 17. Be3 Nxd3 18. Nxd3 Bxd3 19. Qxd3 e5 20. fxe5 Qxe5 21. Bf2 Qf4 22. Rf1 Ng6 23. Qe3 Rae8 24. Qxf4 Nxf4 25. Kh2 Ne2 26. Nf5 Bxf2 27. Rxf2 Nd4 28. Raf1 Nxf5 29. gxf5 Kf7 30. Rd1 Kf6 31. Rd4 Re4 32. Rd3 Rfe8 33. Rb3 R8e7 34. Ra3 a6 35. Rb3 R4e5 36. Rbf3 Re3 37. Kg3 d4 38. Rd2 c5 39. c3 Rxf3+ 40. Kxf3 Re3+ 41. Kf4 Rxh3 42. cxd4 Rh4+ 43. Kf3 Rxd4 44. Rh2 Kxf5 45. Rxh7 Rd2 0-1